Outlaws #1/ by Tim Green.
Available copies
- 1 of 1 copy available at LARL/NWRL Consortium.
Current holds
0 current holds with 1 total copy.
Show Only Available Copies
| Location | Call Number / Copy Notes | Barcode | Shelving Location | Status | Due Date |
|---|---|---|---|---|---|
| Roseau Public Library | GRE (Text) | 35500002149282 | Main | Available | - |
Record details
- ISBN: 1570361983 (alk. paper)
- Physical Description: 369 p. : 24 cm.
- Publisher: Atlanta, Ga. : Turner Pub. ; c1995.
Search for related items by subject
| Subject: | Football players > Fiction. Texas > Fiction. |
| Genre: | Legal stories. Mystery fiction. Football stories. |
Search for related items by series
| LDR | 00977cam a2200301Ia 4500 | ||
|---|---|---|---|
| 001 | 16913 | ||
| 003 | LARL_NWRL_CONSORTIUM | ||
| 005 | 19960112162916.0 | ||
| 008 | 950503s1995 gau 000 1 eng | ||
| 020 | . | ‡a1570361983 (alk. paper) | |
| 035 | . | ‡a(OCoLC)32510611 | |
| 082 | 0 | 0. | ‡a813/.54 ‡220 |
| 099 | . | ‡aGre | |
| 100 | 1 | . | ‡aGreen, Tim, ‡d1963- ‡0(LARL_NWRL_CONSORTIUM)9620 |
| 245 | 1 | 0. | ‡aOutlaws ‡n#1/ ‡cby Tim Green. |
| 260 | . | ‡aAtlanta, Ga. : ‡bTurner Pub. ; ‡aKansas City, Mo. : ‡bDistributed by Andrews and McMeel, ‡cc1995. | |
| 300 | . | ‡a369 p. : 24 cm. | |
| 490 | 0 | . | ‡aMadison McCall ; ‡v1 |
| 650 | 0. | ‡aFootball players ‡vFiction. ‡0(LARL_NWRL_CONSORTIUM)164977 | |
| 651 | 0. | ‡aTexas ‡vFiction. ‡0(LARL_NWRL_CONSORTIUM)167647 | |
| 655 | 7. | ‡aLegal stories. ‡2gsafd | |
| 655 | 7. | ‡aMystery fiction. ‡2gsafd | |
| 655 | 0. | ‡aFootball stories. | |
| 901 | . | ‡a16913 ‡bOCLC ‡c16913 ‡tbiblio | |

Add to basket
Permalink
Disable Highlighting